Topografía del mundo social: teoría y práctica de la investigación mediante encuestas
Պահպանված է:
| Հիմնական հեղինակներ: | , |
|---|---|
| Ձևաչափ: | Գիրք |
| Լեզու: | իսպաներեն |
| Հրապարակվել է: |
Barcelona
Gedisa
2003
|
| Հրատարակություն: | 1a. ed |
| Շարք: | Biblioteca de Educación
|
| Խորագրեր: | |
| Ցուցիչներ: |
Ավելացրեք ցուցիչ
Չկան պիտակներ, Եղեք առաջինը, ով նշում է այս գրառումը!
|
MARC
| LEADER | 00000nam a2200000 a 4500 | ||
|---|---|---|---|
| 001 | UCG1229 | ||
| 003 | CL-VaPUC | ||
| 008 | 100429e20030000SP |||||||||||||||||spa|d | ||
| 020 | |a 8474327326 | ||
| 082 | 0 | 4 | |a 001.433 |b ALD |2 21 |
| 100 | 0 | |a Aldridge, Alan |e author |9 549039 | |
| 700 | 0 | |a Levine, Ken |e author |9 549040 | |
| 245 | 1 | 0 | |a Topografía del mundo social: teoría y práctica de la investigación mediante encuestas |
| 250 | |a 1a. ed | ||
| 300 | |a 252 p | ||
| 942 | |c BK | ||
| 945 | |d 20100429 00:00:00 |a rbrito | ||
| 260 | |a Barcelona |b Gedisa |c 2003 | ||
| 650 | 0 | |a Encuestas |9 259666 | |
| 650 | 0 | |a Trabajo social |9 307856 | |
| 650 | 0 | |a Métodos de investigación |9 262618 | |
| 650 | 0 | |a Análisis estadístico |9 269506 | |
| 650 | 0 | |a Investigación social |9 307814 | |
| 583 | |a last modification |c 20100429 00:00:00 |k Rodrigo Vera | ||
| 490 | 0 | |a Biblioteca de Educación | |
| 999 | |c 340637 |d 340635 | ||
| 952 | |0 0 |1 0 |4 0 |6 001_433000000000000_ALD_2003 |7 0 |8 A |9 435541 |a BIBEDU |b BIBEDU |d 2019-11-22 |i 4666364 |o 001.433 ALD 2003 |p 4666364 |r 2019-11-22 |w 2019-11-22 |y BK |k EPE | ||